Las grandes corrientes de la linguística
Na minha lista:
| Autor principal: | |
|---|---|
| Formato: | Livro |
| Idioma: | espanhol |
| Publicado em: |
Ciudad de México
Fondo de Cultura Económica
1969
|
| Colecção: | Sección de Lengua y Estudios Literarios
|
| Assuntos: | |
| Tags: |
Adicionar Tag
Sem tags, seja o primeiro a adicionar uma tag!
|
MARC
| LEADER | 00000nam a2200000 a 4500 | ||
|---|---|---|---|
| 001 | UCZ4128 | ||
| 003 | CL-VaPUC | ||
| 008 | 951106e19690000MX |||||||||||||||||spa|d | ||
| 082 | 0 | 4 | |a 410 |b LER |2 21 |
| 100 | |a Leroy, Maurice |e author |9 469336 | ||
| 245 | 1 | 4 | |a Las grandes corrientes de la linguística |
| 300 | |a 190 p | ||
| 942 | |c BK | ||
| 945 | |d 19951106 00:00:00 |a rleighto | ||
| 260 | |a Ciudad de México |b Fondo de Cultura Económica |c 1969 | ||
| 650 | 0 | |a Lingüística |9 265068 | |
| 650 | 0 | |a Lenguaje |9 265069 | |
| 650 | 0 | |a Lenguas |9 324269 | |
| 650 | 0 | |a Cultura |9 269059 | |
| 650 | 0 | |a Psicolingüística |9 283371 | |
| 650 | 0 | |a Sociolingüística |9 263716 | |
| 650 | 0 | |a Semántica |9 265318 | |
| 650 | 0 | |a Fonética |9 308371 | |
| 650 | 7 | |a DIALECTOLINGUISTICA |2 CL-VaPUC |9 348072 | |
| 583 | |a last modification |c 19951106 00:00:00 |k Rodrigo Vera | ||
| 490 | 0 | |a Sección de Lengua y Estudios Literarios | |
| 999 | |c 240546 |d 240544 | ||
| 952 | |0 0 |1 0 |4 0 |6 410_000000000000000_LER_1969 |7 0 |8 A |9 252478 |a FDOPOS |b FDOPOS |d 2019-11-18 |i 4272110 |o 410 LER 1969 |p 4272110 |r 2025-01-22 |w 2019-11-18 |y BK |k MLA | ||
| 952 | |0 0 |1 0 |4 0 |6 410_000000000000000_LER_1969 |7 0 |8 A |9 252479 |a FDOPOS |b FDOPOS |d 2019-11-18 |i 4360745 |o 410 LER 1969 |p 4360745 |r 2025-01-22 |w 2019-11-18 |y BK |k MLA | ||